| 000 -NÁVESTIE |
| fixed length control field |
00450nam a2200121 a 4500 |
| 008 - ÚDAJE S PEVNOU DĹŽKOU – VŠEOBECNÉ INFORMÁCIE |
| fixed length control field |
110107s1974|||| d |
| 020 ## - MEDZINÁRODNÉ ŠTANDARDNÉ ČÍSLO KNIHY (ISBN) |
| Údaje o dostupnosti |
11 |
| 044 ## - KÓD KRAJINY VYDAVATEĽA/PRODUCENTA |
| Kód krajiny MARC |
xo |
| Kód krajiny ISO |
SK |
| 041 ## - KÓD JAZYKA |
| Kód jazyka textu/zvukovej stopy alebo samostatných nápisov |
slo |
| 100 1# - OSOBNÉ MENÁ – VŠEOBECNÉ INFORMÁCIE |
| Osobné meno |
Lenin, V. I. |
| 245 10 - NÁZOV |
| Názov |
O úlohe ženy v spoločnosti a skúsenosti z riešenia ženskej otázky v socialistických krajinách |
| Zvyšok názvu |
Materiály medzinárodného sýmpózia, venovaného 100. výročiu narodenia V. I. Lenina |
| 260 ## - VYDAVATEĽSKÉ ÚDAJE, DISTRIBÚCIA ATĎ. |
| Názov vydavateľa, distibútora atď. |
Pravda |
| Miesto publikovania, distribúcie atď. |
Bratislava |
| Dátum publikovania, distribúcie atď. |
1974 |